000 01092nam a2200289 a 4500
001 000033860
005 20200930070558.0
008 110913s2008 bl 000 0 spa d
020 _a9788574401218
040 _aDO-SdBNP
_bspa
_cBNPHU
082 _a869.3
_bA848c
100 1 _aAssis, Machado de
_d1839-1908
_922389
245 1 0 _aCorrespondencia de Machado de Assis /
_ccoordenação e orientação reunida, organizada é comentada por Irene Moutinho e Sílva Eleutério.
260 _aRio de Janeiro :
_bAcademia Brasileira de Letras,
_c2008.
300 _av. ;
_c21 cm.
490 1 _aAfrânio Peixoto
_v84
500 _aLa biblioteca posee el v. 1
505 0 _av. 1 - 1860-1869
600 1 4 _aMACHADO DE ASSIS
_d1839-1908
_vCORRESPONDENCIAS, MEMORIAS, ETC.
_959276
650 4 _aAutores brasileños
_ySIGLO XIX
_xCorrespondencias, memorias, etc.
_959277
700 1 2 _aMoutinho, Irene
_959278
700 1 2 _aEleutério, Sílva
_959279
700 1 2 _aRouanet, Sergio Paulo
_959280
830 0 _aAfrânio Peixoto
_n84
_959281
910 _aValidado. Control de calidad MFF
049 _aBNGR
999 _c33351
_d33351